| 000 | 00577nam a22001937a 4500 | ||
|---|---|---|---|
| 003 | OSt | ||
| 005 | 20180116183042.0 | ||
| 008 | 160223b xxu||||| |||| 00| 0 eng d | ||
| 020 | _a10-1009-2014-2 | ||
| 024 | _210-1009-2014-2 | ||
| 040 | _cLahore University of Management Sciences | ||
| 082 | _a174.4 LUM 2014 | ||
| 100 | _aQAZILBASH A | ||
| 245 |
_aTHE TRICHOTOMY OF POWER QAZILBASH A _cQAZILBASH A |
||
| 260 |
_aLahore _bLahore University of Management Sciences _c2014 |
||
| 300 |
_a30 p. _bPapers |
||
| 440 | _aTHE TRICHOTOMY OF POWER QAZILBASH A | ||
| 942 |
_2ddc _cCS |
||
| 999 |
_c351281 _d351281 |
||